Notas sobre la cultura pirenaica catalana / J. Maluquer de Motes
Descripción Física:
19 p. ; 24cm
Materias:
Prehistòria -- Catalunya
MARC
| LEADER | 00000nam a2200000Ia 4500 | ||
|---|---|---|---|
| 001 | 17315 | ||
| 008 | 160829s1948 xx 000 0 cat d | ||
| 080 | |a FU-47-18 | ||
| 100 | 1 | |a Maluquer de Motes, Joan, |d 1915-1988 |9 30020 | |
| 245 | |a Notas sobre la cultura pirenaica catalana / J. Maluquer de Motes | ||
| 260 | |a Zaragoza: |b Instituto de Estudios Pirenaicos, |c 1948 | ||
| 300 | |a 19 p. ; |c 24cm | ||
| 590 | |a Separata de Pirineos, IV, núm. 7, pàgs. 113-127. | ||
| 590 | |a Prové de R.168 del currículum per la plaça de conservador del Museu Arqueològic, 1957 | ||
| 650 | |a Prehistòria |x Catalunya |9 46625 | ||
| 710 | 2 | |a Instituto de Estudios Pirenaicos |9 54311 | |
| 856 | 4 | |u https://media.diba.cat/diba/fitxers/arxiu/fulletons/bib_17315_1948_baixa.pdf |y Accés lliure | |
| 856 | 4 | |u https://media.diba.cat/diba/fitxers/arxiu/fulletons/bib_17315_1948_baixa.pdf |y Accés lliure | |
| 901 | |a Arxiu | ||
| 942 | |n 1 |2 udc | ||
| 952 | |0 0 |1 0 |4 0 |6 FU4718 |7 1 |9 53397 |a Arxiu |b Arxiu |d 2016-12-01 |l 0 |o FU-47-18 |p 17315 |r 2016-12-01 00:00:00 |w 2016-12-01 |y ARXIU | ||
| 999 | |c 57262 |d 57262 | ||
| 900 | |a bib_17315_1948_baixa.pdf | ||